| 000 | 00988nam a2200229 a 4500 | ||
|---|---|---|---|
| 005 | 20160811020003.0 | ||
| 008 | 140129b2007 ck ||||| |||| 00| 0 spa d | ||
| 040 | _cCO-BoIH | ||
| 041 | _aspa | ||
| 044 | _ack | ||
| 090 |
_aIAVH _b01065 |
||
| 110 |
_bIngenian Software _930786 |
||
| 245 |
_aManual de instalación proyecto Yoscua _bsegunda fase |
||
| 260 |
_aBogotá _bInstituto Alexander Von Humboldt _bIngenian Software _c2007 |
||
| 300 | _a9 p. | ||
| 520 | _aEl documento presenta el procedimiento de instalación necesario para poner en marcha la aplicación de Yoscua. También describe las carpetas principales que deben tenerse en cuenta para dar soporte y mantenimiento a la aplicación. La instalación de la aplicación se divide en dos grandes pasos: instalación del servidor de aplicaciones y configuración de la base de datos. | ||
| 650 |
_aManual _930787 |
||
| 650 |
_aInstalación _95852 |
||
| 650 |
_aYoscua _95586 |
||
| 942 |
_cINFORME _2z _03 |
||
| 945 | _d2008-08-05 | ||
| 999 |
_c6452 _d6452 |
||